000 00900nam a2200229Ia 4500
001 21998
005 20260417124429.0
008 260320s9999||||xx |||||||||||||| ||und||
020 _a8484544877
041 _aESP
082 _a616.89156
_bC241
100 _aCibanal Juan, Luis,
_eAUT
245 0 _aIntroducción a la sistémica y terapia familiar
260 _aAlicante :
_bEditorial Club Universitario,
_c2006
300 _a265 páginas :
_bcuadros ;
_c24 cm.
650 _aTCA
653 _aTerapia familiar; Psicoterapia familiar
654 _aCPS
856 _uhttps://0u20vwvic-y-https-ebookcentral-proquest-com.itmsp.museknowledge.com/lib/catolicasp/home.action
_zVéase además: Base de datos ProQuest Ebook Central
856 _uhttps://0u20fwvwy-y-https-research-ebsco-com.itmsp.museknowledge.com/c/qxo6us/search
_zVéase además: Base de datos EBSCOhost
942 _cLIB
_dJUS
_fMAT
_2ddc
999 _c21998
_d21998